Geografía ilustrada Labor (Registro nro. 3665)
[ vista simple ]
| 000 -LEADER | |
|---|---|
| fixed length control field | 00845 a2200217 4500 |
| 001 - CONTROL NUMBER | |
| control field | 43213 |
| 005 - DATE AND TIME OF LATEST TRANSACTION | |
| control field | 20260407155716.0 |
| 008 - FIXED-LENGTH DATA ELEMENTS--GENERAL INFORMATION | |
| fixed length control field | 260407a1970 arg spa d |
| 003 - CONTROL NUMBER IDENTIFIER | |
| control field | AR-UNSa-BCEJYS |
| 040 ## - CATALOGING SOURCE | |
| Original cataloging agency | AR-UNSa-BCEJYS |
| Language of cataloging | spa |
| Transcribing agency | AR-UNSa-BCEJYS |
| 080 ## - UNIVERSAL DECIMAL CLASSIFICATION NUMBER | |
| Universal Decimal Classification number | 911 |
| Common auxiliary subdivision | Geografía general. Ciencia de los factores geográficos (geografía sistemática). Geografía teórica |
| 041 ## - LANGUAGE CODE | |
| Language code of text/sound track or separate title | spa |
| 100 1# - MAIN ENTRY--PERSONAL NAME | |
| Personal name | Capel Sáez, Horacio |
| 245 10 - TITLE STATEMENT | |
| Title | Geografía ilustrada Labor |
| 264 #1 - PRODUCTION, PUBLICATION, DISTRIBUTION, MANUFACTURE, AND COPYRIGHT NOTICE | |
| Place of production, publication, distribution, manufacture | Barcelona : |
| Name of producer, publisher, distributor, manufacturer | Labor |
| Date of production, publication, distribution, manufacture, or copyright notice | 1970 |
| 300 ## - PHYSICAL DESCRIPTION | |
| Extent | 5 v. |
| Dimensions | 33 cm. |
| 505 ## - FORMATTED CONTENTS NOTE | |
| Formatted contents note | Vol. 1: Sociedad. Economía - Vol. 2: Paisaje humanizado. Organización del territorio y del estado - Vol. 3: Europa y Asia - Vol. 4: Africa. América. Oceanía. Tierras Polares - Vol. 5: Apéndice |
| 590 ## - LOCAL NOTE (RLIN) | |
| Local note | niveau_biblio:m niveau_hierar:0 |
| 700 1# - ADDED ENTRY--PERSONAL NAME | |
| Personal name | Vilá Valentí, Juan |
| 942 ## - ADDED ENTRY ELEMENTS (KOHA) | |
| Koha item type | |
| Withdrawn status | Lost status | Damaged status | Not for loan | Home library | Current library | Shelving location | Date acquired | Total checkouts | Full call number | Barcode | Date last seen | Price effective from | Koha item type |
|---|---|---|---|---|---|---|---|---|---|---|---|---|---|
| Biblioteca Prof. Eusebio Cleto del Rey | Biblioteca Prof. Eusebio Cleto del Rey | 07/04/2026 | R911 V695 v.1 | L25177 | 07/04/2026 | 07/04/2026 | Libro | ||||||
| Biblioteca Prof. Eusebio Cleto del Rey | Biblioteca Prof. Eusebio Cleto del Rey | 07/04/2026 | R911 V695 v.2 | L25178 | 07/04/2026 | 07/04/2026 | Libro | ||||||
| Biblioteca Prof. Eusebio Cleto del Rey | Biblioteca Prof. Eusebio Cleto del Rey | 07/04/2026 | R911 V695 v.3 | L25179 | 07/04/2026 | 07/04/2026 | Libro | ||||||
| Biblioteca Prof. Eusebio Cleto del Rey | Biblioteca Prof. Eusebio Cleto del Rey | 07/04/2026 | R911 V695 v.4 | L25180 | 07/04/2026 | 07/04/2026 | Libro | ||||||
| Biblioteca Prof. Eusebio Cleto del Rey | Biblioteca Prof. Eusebio Cleto del Rey | 07/04/2026 | R911 V695 v.5 | L25181 | 07/04/2026 | 07/04/2026 | Libro |